Fictional Doctors - Sudden death - Statistics

General Stats
  • This quiz has been taken 64 times
  • The average score is 9 of 18
Answers on the Grid
Answers color-coded by a green-red scale on the quiz's grid according to % correct below.
Who
Woodstock
Why
Kildare
Dolittle
Quatermass
Quinn
Stapler
Evil
Uranium
House
Watson
Wellington - Boot
Riviera
Legg
Zhivago
Higgins
Blue
Green
Domuch
Head
Jekyll
Flower
Strangelove
Spengler
Stantz
Dingle
Venkman
Moreau
Galen
 
Answer Stats
Answer % Correct
Who
98%
Dolittle
84%
Jekyll
69%
House
67%
Evil
64%
Zhivago
64%
Watson
60%
Strangelove
58%
Moreau
56%
Quinn
53%
Kildare
40%
Higgins
27%
Spengler
24%
Venkman
22%
Legg
18%
Riviera
18%
Stantz
18%
Galen
11%
No matching quizzes found
Score Distribution
Percent of People with Each Score
Percentile by Number Answered
Your Score History
You have not taken this quiz